LoL Champions by their photo - Statistics

General Stats
  • This quiz has been taken 1,197 times
  • The average score is 102 of 161
Answer Stats
Picture Answer % Correct
Ashe
95%
Annie
93%
Lee Sin
93%
Morgana
92%
Teemo
92%
Alistar
91%
Jax
91%
Master Yi
90%
Amumu
89%
Nunu
89%
Warwick
89%
Miss Fortune
88%
Garen
87%
Lux
87%
Dr. Mundo
86%
Akali
85%
Kayle
85%
Ryze
85%
Sion
85%
Ezreal
84%
Poppy
84%
Soraka
84%
Twitch
84%
Gragas
83%
Katarina
83%
Singed
83%
Twisted Fate
83%
Caitlyn
82%
Galio
82%
Pantheon
82%
Rammus
82%
Shaco
82%
Veigar
82%
Anivia
81%
Malphite
81%
Vi
81%
Cho'Gath
80%
Mordekaiser
80%
Corki
79%
Heimerdinger
79%
Olaf
79%
Vladimir
79%
Janna
78%
Brand
77%
Fiddlesticks
77%
Irelia
77%
Leona
77%
Shen
77%
Wukong
77%
Ahri
76%
Sona
76%
Blitzcrank
75%
Evelynn
75%
Fizz
75%
Kennen
75%
Nidalee
75%
Nocturne
75%
Renekton
75%
Sivir
75%
Vayne
75%
Orianna
74%
Tryndamere
74%
Zilean
74%
Jarvan IV
73%
Kassadin
73%
Taric
73%
Trundle
73%
Urgot
73%
Volibear
73%
Karma
72%
Gangplank
71%
Karthus
71%
Riven
71%
Swain
71%
Darius
70%
Talon
70%
Udyr
70%
Maokai
69%
Rumble
69%
Lulu
68%
Xin Zhao
68%
Ziggs
68%
Kog'Maw
67%
Nautilus
67%
Draven
66%
Graves
66%
Jayce
66%
Malzahar
66%
Diana
65%
Fiora
65%
Jinx
65%
Varus
65%
Viktor
65%
Xerath
65%
Yorick
64%
Sejuani
62%
Shyvana
62%
Yasuo
62%
Zed
62%
Nami
60%
Aatrox
59%
Skarner
59%
Cassiopeia
58%
Hecarim
58%
Rengar
58%
Zyra
58%
Lucian
57%
Zac
57%
Braum
56%
Ekko
56%
Elise
56%
Thresh
55%
Azir
53%
Bard
52%
Gnar
52%
Kha'Zix
52%
Kalista
51%
Syndra
51%
Jhin
50%
Quinn
50%
Vel'Koz
50%
Lissandra
49%
Tahm Kench
45%
Aurelion Sol
44%
Illaoi
43%
Kindred
43%
Rakan
43%
Rek'Sai
43%
Zoe
43%
Camille
42%
Kai'Sa
41%
Kayn
41%
Ivern
40%
Xayah
40%
Yone
40%
Neeko
39%
Ornn
39%
Pyke
39%
Sylas
39%
Kled
38%
Sett
38%
Yuumi
38%
Senna
37%
Seraphine
36%
Taliyah
34%
Viego
34%
Aphelios
33%
Samira
33%
Gwen
31%
Qiyana
29%
Rell
29%
K'Sante
28%
Lilia
28%
Vex
28%
Zeri
28%
Akshan
25%
Bel'Veth
25%
Briar
23%
Naafiri
23%
Nilah
23%
Renata Glasc
22%
No matching quizzes found
Score Distribution
Percent of People with Each Score
Percentile by Number Answered
Your Score History
You have not taken this quiz